Sinn oder unsinn? : Das Groteske im modernen Drama /

Kaydedildi:
Detaylı Bibliyografya
Materyal Türü: Kitap
Dil:German
Baskı/Yayın Bilgisi: Basel : Basilius Presse, 1962.
Seri Bilgileri:Theater unserer Zeit ; Bd.3
Konular:
LEADER 00765nam a22001931 4500
001 c000369888
003 CARM
005 00000000000000.0
008 851211s1962 sz 0 ger d
019 1 |a 12623185  |z 4177332  |z 55518874  |5 LACONCORD2021 
035 |a (OCoLC)687913  |5 LACONCORD2021 
245 0 0 |a Sinn oder unsinn? :  |b Das Groteske im modernen Drama /  |c funf Essays von M.Esslin et al. 
260 |a Basel :  |b Basilius Presse,  |c 1962. 
490 0 |a Theater unserer Zeit ;  |v Bd.3 
650 0 |a Drama  |y 20th century. 
852 8 |b CARM  |h A1:AL10E0  |i C10376  |p 0444759  |f BK 
082 0 4 |a 809.2 
999 f f |i 51a6d20f-6d04-56dd-81bf-61372bea1386  |s c1f7a7b7-49b6-50ac-b46f-af57d6a83060 
952 f f |p Can circulate  |a CAVAL  |b CAVAL  |c CAVAL  |d CARM 1 Store  |e C10376  |f A1:AL10E0  |h Other scheme  |i book  |m 0444759